Henry IV : Part i / (Record no. 9202)
[ view plain ]
| 000 -LEADER | |
|---|---|
| fixed length control field | 00811nac a22002291u 4500 |
| 020 ## - INTERNATIONAL STANDARD BOOK NUMBER | |
| International Standard Book Number | 8174761543 : |
| 082 00 - DEWEY DECIMAL CLASSIFICATION NUMBER | |
| Classification number | 822.33 |
| Item number | SHA |
| 090 ## - LOCALLY ASSIGNED LC-TYPE CALL NUMBER (OCLC); LOCAL CALL NUMBER (OCLC) | |
| -- | 9202 |
| -- | 9202 |
| 100 ## - MAIN ENTRY--PERSONAL NAME | |
| Personal name | Shakespeare, William |
| 245 10 - TITLE STATEMENT | |
| Title | Henry IV : Part i / |
| Statement of responsibility, etc | William Shakespeare; edited by John Crowther. |
| Number of part/section of a work | 1; |
| 260 ## - PUBLICATION, DISTRIBUTION, ETC. (IMPRINT) | |
| Place of publication, distribution, etc | New Delhi : |
| Name of publisher, distributor, etc | UBSPD,1997. |
| Date of publication, distribution, etc | c1997. |
| 300 ## - PHYSICAL DESCRIPTION | |
| Extent | viii, 297p. |
| Dimensions | 20 cm. |
| 490 1# - Series Statement | |
| Series statement | Modern Shakespeare Series |
| 500 ## - GENERAL NOTE | |
| General note | Special edition with introduction, detailed notes, scene- wise summary, annotations and questions and answers |
| 500 ## - GENERAL NOTE | |
| General note | Distributer: Al-Ahram |
| 511 ## - PARTICIPANT OR PERFORMER NOTE | |
| Participant or performer note | Catalogued by: Sara |
| 650 ## - SUBJECT ADDED ENTRY--TOPICAL TERM | |
| Topical term or geographic name as entry element | Henry IV |
| 651 #0 - SUBJECT ADDED ENTRY--GEOGRAPHIC NAME | |
| Geographic name | Great Britain |
| General subdivision | History |
| Chronological subdivision | Henry IV, 1399-1413 |
| 655 #7 - INDEX TERM--GENRE/FORM | |
| Genre/form data or focus term | Historical drama. |
| 700 1# - ADDED ENTRY--PERSONAL NAME | |
| Personal name | Bhatia, Praveen |
| 942 ## - ADDED ENTRY ELEMENTS (KOHA) | |
| Item type | Book - Borrowing |
| Call number prefix | 822.33SHA |
| Withdrawn status | Item status | Damaged status | Not for loan | Home library | Current library | Shelving location | Date acquired | Source of acquisition | Total Checkouts | Total Renewals | Full call number | Barcode | Date last seen | Date last borrowed | Koha item type |
|---|---|---|---|---|---|---|---|---|---|---|---|---|---|---|---|
| Central Library | Central Library | Second Floor | 20/04/2008 | Purchase | 2 | 4 | 822.33SHA | 000011176 | 15/07/2025 | 18/09/2024 | Book - Borrowing |